| 000 | 00732nam a2200229 a 4500 | ||
|---|---|---|---|
| 001 | 59200 | ||
| 003 | BD-RjUL | ||
| 005 | 20211209080714.0 | ||
| 008 | 161221s1994 bg ||||| |||| 00| 0 ben d | ||
| 020 | _c: Tk.150.00 | ||
| 035 | _a(BD-RjUL)59324 | ||
| 040 |
_aBD-RjUL _bben _cBD-RjUL _dBD-RjUL |
||
| 041 | _aben | ||
| 082 |
_223 _a368 _bHAG 1994 |
||
| 100 | 1 |
_aহক, নুরুল _9176037 |
|
| 245 | 1 | 0 |
_aইসলামী বীমা বিক্রয় ব্যবস্থাপনা / _cনুরুল হক |
| 260 |
_aঢাকা : _bট্রিউন, _c১৯৯৪ |
||
| 300 |
_a৩০৩ পৃ ; _c২০ সেমি. |
||
| 650 |
_aবীমা _9176031 |
||
| 650 |
_aInsurance _9176032 |
||
| 942 |
_2ddc _cBK |
||
| 999 |
_c59200 _d59200 |
||